| 000 | 00779nam a22001577a 4500 | ||
|---|---|---|---|
| 003 | OSt | ||
| 005 | 20150926105145.0 | ||
| 008 | 150926b xxu||||| |||| 00| 0 eng d | ||
| 040 | _cRUA | ||
| 082 | _aAGR CHI 2013 B056 Or.1 | ||
| 100 |
_91374 _aCHIV MENGHOUT |
||
| 245 | _aEffect of difference rate fresh water fish fertilizer on lettuce at royal university of agriculture, (ប្រសិទ្ធភាពនៃការប្រើប្រាស់ជីត្រីទឹកសាបផ្សេងៗគ្នាទៅលើដំណាំសាលាដក្នុងលក្ខខណ្ឌ សាកលវិទ្យាល័យភូមិន្ទកសិកម្ម) | ||
| 260 |
_aphnom penh _bRUA _c2013 |
||
| 300 |
_ax, 52p. _bill. _c29cm. |
||
| 942 |
_2ddc _cAGR |
||
| 999 |
_c1289 _d1289 |
||